000 00254nam a22001097a 4500
082 _a600 BOW'S
100 _aBOWEN, HAROLD G. VICE
_957715
245 _aA SHORT HISTORY OF TECHNOLOGY
260 _aNEWJERSCY
_bTHOMAS
_c1954
300 _a118P
942 _cBK
999 _c567984
_d567984